СССР и союзные республики в 1972 году: сообщения ЦСУ СССР и ЦСУ союзных республик об итогах выполнения государственного плана развития народного хозяйства

Podrobná bibliografie
Korporativní autor: СССР Центральное статистическое управление
Další autoři: Чупрова Ю. С. (редактор)
Jazyk:ruština
Vydáno: Москва, Статистика, 1973
Témata:
Médium: Kniha
KOHA link:https://koha.lib.tpu.ru/cgi-bin/koha/opac-detail.pl?biblionumber=356593

MARC

LEADER 00000nam0a2200000 4500
001 356593
005 20231102010916.0
035 |a (RuTPU)RU\TPU\retro\13853 
090 |a 356593 
100 |a 20200722d1973 km y0rusy50 ca 
101 0 |a rus 
102 |a RU 
105 |a y i 000zy 
200 1 |a СССР и союзные республики в 1972 году  |e сообщения ЦСУ СССР и ЦСУ союзных республик об итогах выполнения государственного плана развития народного хозяйства  |f СССР, Центральное статистическое управление ; под ред. Ю. С. Чупровой 
210 |a Москва  |c Статистика  |d 1973 
215 |a 336 с. 
606 1 |a Народное хозяйство  |x Статистические материалы  |y СССР  |2 stltpush  |3 (RuTPU)RU\TPU\subj\44882  |9 64157 
610 1 |a союзные республики 
610 1 |a статистические данные 
610 1 |a промышленность 
610 1 |a сельское хозяйство 
610 1 |a транспорт 
610 1 |a капитальное строительство 
686 |a У9(2)0-05  |v LBC/SL-A  |2 rubbk 
702 1 |a Чупрова  |b Ю. С.  |4 340 
712 0 1 |a СССР  |b Центральное статистическое управление  |c (Москва)  |c (1927-1930, 1948-1987)  |2 stltpush  |3 (RuTPU)RU\TPU\col\14482  |9 25946 
801 1 |a RU  |b 63413507  |c 20200722 
801 2 |a RU  |b 63413507  |c 20210402  |g RCR 
942 |c BK